00270nam a22001097a 4500020001500000082001700015100001800032245003500050260004500085300000800130650002200138 a0070091722 a547.0078 EAT aDavid C.Eaton aThe world of Organic Chemistry aNew yorkbMcGraw-Hill Book Companyc1979 a355 aorganic Chemistry